| 000 | 00560cam a22002052a 4500 | ||
|---|---|---|---|
| 001 | 011453 | ||
| 003 | AR-FADEU | ||
| 008 | 311216n1994####xxu####################dd | ||
| 020 | _a950-742-564-0 | ||
| 092 |
_a982.073 _bW223o _eBLYNK |
||
| 100 | _aWalsh, Rodolfo | ||
| 245 | _aOperación masacre | ||
| 260 | _aBuenos Aires | ||
| 260 | _bPlaneta | ||
| 260 | _c1994 | ||
| 300 | _a300 p. : il | ||
| 500 | _aApp: p. 241-247. -- BLYNK. -- Texto de Sala | ||
| 650 | _aHISTORIA ARGENTINA-1957; FUSILAMIENTO; JOSE LEON SUAREZ; MASACRE/BLYNK/ | ||
| 942 | _cBLYNK | ||
| 999 |
_c17229 _d17229 |
||